| 000 | 02737 a2200217 4500 | ||
|---|---|---|---|
| 999 |
_c26541 _d26541 |
||
| 008 | 230703b ||||| |||| 00| 0 eng d | ||
| 020 |
_a9789353065966 _cRs799.00 |
||
| 041 | 0 | _aeng | |
| 082 | 0 | 0 |
_a658.7 _bC549 |
| 100 | _aChopra, Sunil | ||
| 245 |
_aSupply Chain Management : Strategy, Planning and Operation / _cSunil Chopra, and Dharam Vir Kalra |
||
| 250 | _a7th ed. | ||
| 260 |
_aNoida : _bPearson India education services pvt. ltd., _c2023. |
||
| 300 |
_axvii, 562 p. : _bill. ; _c25 cm. |
||
| 504 | _aIncludes index. | ||
| 505 | 0 | _aPart I Building a Strategic Framework to Analyze Supply Chains CHAPTER 1 UNDERSTANDING THE SUPPLY CHAIN CHAPTER 2 ACHIEVING STRATEGIC FIT IN A SUPPLY CHAIN CHAPTER 3 SUPPLY CHAIN DRIVERS AND METRICS Part II Designing the Supply Chain Network CHAPTER 4 DESIGNING DISTRIBUTION NETWORKS AND APPLICATIONS TO OMNI-CHANNEL RETAILING CHAPTER 5 NETWORK DESIGN IN THE SUPPLY CHAIN CHAPTER 6 DESIGNING GLOBAL SUPPLY CHAIN NETWORKS Part III Planning and Coordinating Demand and Supply in a Supply Chain CHAPTER 7 DEMAND FORECASTING IN A SUPPLY CHAIN CHAPTER 8 AGGREGATE PLANNING IN A SUPPLY CHAIN CHAPTER 9 SALES AND OPERATIONS PLANNING IN A SUPPLY CHAIN CHAPTER 10 COORDINATION IN A SUPPLY CHAIN Part IV Planning and Managing Inventories in a Supply Chain CHAPTER 11 MANAGING ECONOMIES OF SCALE IN A SUPPLY CHAIN CYCLE INVENTORY CHAPTER 12 MANAGING UNCERTAINTY IN A SUPPLY CHAIN SAFETY INVENTORY CHAPTER 13 LINKING PRODUCT AVAILABILITY TO PROFITS Part V Designing and Planning Transportation Networks CHAPTER 14 TRANSPORTATION IN A SUPPLY CHAIN Part VI Managing Cross-Functional Drivers in a Supply Chain CHAPTER 15 SOURCING DECISIONS IN A SUPPLY CHAIN CHAPTER 16 PRICING AND REVENUE MANAGEMENT IN A SUPPLY CHAIN CHAPTER 17 SUSTAINABILITY AND THE SUPPLY CHAIN Part VII Online Chapter CHAPTER A: INFORMATION TECHNOLOGY IN A SUPPLY CHAIN" | |
| 520 | _aSupply Chain Management, 7e introduces high-level strategy and concepts while giving students the practical tools necessary to solve supply chain problems. Using a strategic framework, students are guided through all the key drivers of supply chain performance, including facilities, inventory, transportation, information, sourcing, and pricing. The Seventh Edition weaves in compelling case study examples to illustrate how good supply chain management oers a competitive advantage and how poor supply chain management can damage an organization's performance. With this textbook, students gain a deeper understanding of supply chains and a rm grasp on the practical managerial levers that can improve | ||
| 650 | 0 |
_aMarketing channels _xmanagement |
|
| 700 |
_95601 _aKalra, Dharam Vir |
||
| 942 |
_2ddc _cBK |
||